000 00631nam a2200241Ia 4500
003 OSt
005 20220924134557.0
006 a|||||r|||| 00| 0
007 ta
008 220923b |||||||| |||| 00| 0 urd d
020 _c5.00
024 _a279745
037 _cTextual
040 _aARTS
_cARTS
_burd
041 _2urd
_aurd
082 _aO168x225,N3, J8
100 _aZeenat Sajida
_9208745
245 0 _aHyderabad ke adeeb
_bIntekhab-e-nasr 1900 se 1958 tak
260 _c1958
650 _aURDU LITERATURE
942 _hO168x225,N3, J8
_cTEXL
_2CC
999 _c437879
_d437879